mysqli: Table './ulib62015/stat_globaluid' is marked as crashed and should be repaired
select id from stat_globaluid where statuid='20260705143423_1344'
mysqli: Table './ulib62015/stat_globaluid' is marked as crashed and should be repaired
DELETE FROM stat_globaluid
WHERE id NOT IN (
SELECT id
FROM (
SELECT id
FROM stat_globaluid
ORDER BY id DESC
LIMIT 100
) foo
);
mysqli: Table './ulib62015/stat_globaluid' is marked as crashed and should be repaired
insert into stat_globaluid set
statuid='20260705143423_1344',
dt='1783236863',
phpself='/ULIB62015/dublinfull.php',
agent='Mozilla/5.0 AppleWebKit/537.36 (KHTML, like Gecko; compatible; ClaudeBot/1.0; +claudebot@anthropic.com)',
yea='2026',
mon='7',
dat='5',
ip='216.73.216.52'
mysqli: Table './ulib62015/stathist_viewbib_bib_type' is marked as crashed and should be repaired
insert into stathist_viewbib_bib_type set
dat='05' ,
mon='07' ,
yea='2026' ,
statuid='20260705143423_1344' ,
head='27770' ,
foot='marc' ,
dt='1783236863'
| LEADER : 01174nam 2200277 a 4500 |
| 008 030417s2004 caua sb 001 0 eng |
| 020 ^a974-645-844-2
|
| 050 ^a105
|
| 060 ^aม747อ
|
| 082 ^aWB
|
| 110 ^aสาขาวิทยาศาสตร์สุขภาพ มหาวิทยาลัยสุโขทัยธรรมาธิราช
|
| 245 ^aเอกสารการสอนชุดวิชาเวชกรรมแผนไทย หน่วยที่ 1-8=^bThai traditionaltherapy /^cมหาวิทยาลัยสุโขทัยธรรมาธิราช,สาขาวิทยาศาสตร์สุขภาพ
|
| 260 ^aนนทบุรี :^bมหาวิทยาลัยสุโขทัยธรรมาธิราช
|
| 650 0 ^aการแพทย์แผนโบราณ^zไทย
|
| 650 0 ^aเวชกรรมแผนไทย
|
| 650 0 ^aโรค^xการรักษาแบบแพทย์แผนไทย
|
| 913 ^aImported by ULIBM Administrator
|
| 949 ^aImport form external file by ULIBM system
|
| คุณยังไม่ได้ล็อกอิน คุณสามารถมีกิจกรรมร่วมกับเว็บไซต์ได้ แต่ต้องล็อกอินก่อน :: |
|
|
|
| ไม่มีไอเทมให้บริการ |
| ไม่มีไอเทมให้บริการ |
รายการใกล้เคียง
หัวเรื่อง [เวชกรรมแผนไทย]
|
|
ยังไม่เคยถูกคอมเมนท์
|
| คอมเมนท์ทรัพยากรรายการนี้ |
|